Análisis de la política de precios agrícolas y su impacto en los cambios en el suelo: efecto en parámetros de sustentabilidad en la Pre-cordillera Andina de la Provincia de Ñuble
Uloženo v:
| Hlavní autor: | |
|---|---|
| Médium: | Text |
| Vydáno: |
San José:
Convenio de Cooperación Técnica INIA-IICA. Instituto de Investigaciones Agropecuarias. Centro Regional de Investigación Quilampú
|
| Tagy: |
Přidat tag
Žádné tagy, Buďte první, kdo vytvoří štítek k tomuto záznamu!
|
MARC
| LEADER | 00000 a a2200000 04500 | ||
|---|---|---|---|
| 001 | 32913 | ||
| 003 | |||
| 040 | |||
| 020 | |a 92-9039-287-8 | ||
| 090 | |a 204700 | ||
| 100 | |a Ruz, Emilio | ||
| 245 | |a Análisis de la política de precios agrícolas y su impacto en los cambios en el suelo: efecto en parámetros de sustentabilidad en la Pre-cordillera Andina de la Provincia de Ñuble | ||
| 260 | |a San José: |b Convenio de Cooperación Técnica INIA-IICA. Instituto de Investigaciones Agropecuarias. Centro Regional de Investigación Quilampú | ||
| 300 | |a 70 p. | ||
| 999 | |c 12601 |d 12601 | ||



